| 000 | 00866nac a22002051u 4500 | ||
|---|---|---|---|
| 008 | 110710s2002 ua|||||r|||| 000 0 eng d | ||
| 010 | _a 76055808 | ||
| 020 | _a9775589207 | ||
| 082 | 0 | 0 |
_a297.272 _bSHA |
| 100 |
_aShahwan, F.A. _926244 |
||
| 245 | 1 | 0 |
_aThe Treasures of Islam / _cF. A. Shahwan |
| 260 |
_aCairo : _bAl Shareka Al-Mutaheda, 2002. _c2002. |
||
| 300 |
_a197 p. ; _c20 cm. |
||
| 541 | _aBibliotheca Alexandria ; | ||
| 650 | 0 |
_aIslam. _926245 |
|
| 653 | _bGeneral | ||
| 942 |
_cBB _k297.272 SHA _2ddc |
||
| 999 |
_c3452 _d3452 |
||